| 000 | 02451nam a2200637 i 4500 | ||
|---|---|---|---|
| 001 | 991053158446505066 | ||
| 003 | NyNyJPI | ||
| 005 | 20260413195207.0 | ||
| 008 | 251024s2025 pl bcho |001 0 pol c | ||
| 009 | b1000007500469 | ||
| 015 | _aUWD 2025/37005 | ||
| 020 |
_a9788383764870 _q(oprawa miękka) : _czł 40 |
||
| 035 | _a(PL)b1000007500469 | ||
| 035 | _a(EXLNZ-48OMNIS_NETWORK)9915198796605606 | ||
| 040 |
_aWA N _cWA N _dWA N _dŁ M _dKR U _dLUBL KUL _dGD U |
||
| 045 | 2 |
_bd1945 _bd1991 |
|
| 046 | _k2025 | ||
| 080 |
_81.1\x _a94(438).083 |
||
| 080 |
_81.2\x _a94(438).084 |
||
| 080 |
_81.3\x _a314.15-026.49(=162.1) |
||
| 080 |
_81.4\x _a314.151.5(=162.1) |
||
| 084 | _a02 | ||
| 100 | 1 |
_aWierzbicki, Marek _d(1964- ) _eAutor |
|
| 245 | 1 | 0 |
_aOdysei wolności ciąg dalszy : _blosy żołnierzy Polskich Sił Zbrojnych na Zachodzie oraz polskich uchodźców cywilnych po II wojnie światowej / _cMarek Wierzbicki ; Instytut Pamięci Narodowej - Komisja Ścigania Zbrodni Przeciwko Narodowi Polskiemu. |
| 246 | 3 | 0 | _aLosy żołnierzy Polskich Sił Zbrojnych na Zachodzie oraz polskich uchodźców cywilnych po II wojnie światowej |
| 260 |
_aWarszawa : _bInstytut Pamięci Narodowej, _c2025. |
||
| 300 |
_a278, [1] strona : _bfaksymile, fotografie, mapy, portrety ; _c21 cm. |
||
| 336 |
_aTekst _btxt _2rdacontent |
||
| 337 |
_aBez urządzenia pośredniczącego _bn _2rdamedia |
||
| 338 |
_aWolumin _bnc _2rdacarrier |
||
| 380 | _aKsiążki | ||
| 380 | _aPublikacje popularnonaukowe | ||
| 388 | 1 | _a2001- | |
| 490 | 1 | _aBiblioteczka Szlaków Nadziei | |
| 490 | 1 | _aSzlaki Nadziei - Odyseja Wolności | |
| 504 | _aBibliografia, netografia na stronach 251-257. Indeksy. | ||
| 530 | _aKsiążka dostępna także jako e-book. | ||
| 610 | 2 | 7 |
_aPolskie Siły Zbrojne na Zachodzie _2DBN |
| 648 | 7 |
_a1901-2000 _2DBN |
|
| 648 | 7 |
_a1945-1989 _2DBN |
|
| 648 | 7 |
_a1989-2000 _2DBN |
|
| 650 | 7 |
_aDemobilizacja (wojsko) _2DBN |
|
| 650 | 7 |
_aDziałacze polonijni _2DBN |
|
| 650 | 7 |
_aKombatanci _2DBN |
|
| 650 | 7 |
_aPolacy za granicą _2DBN |
|
| 650 | 7 |
_aPrześladowania polityczne _2DBN |
|
| 650 | 7 |
_aRepatriacja _2DBN |
|
| 651 | 7 |
_aEuropa Zachodnia _2DBN |
|
| 651 | 7 |
_aPolska _2DBN |
|
| 655 | 7 |
_aOpracowanie _2DBN |
|
| 658 | _aHistoria | ||
| 710 | 2 |
_aInstytut Pamięci Narodowej _eInstytucja sprawcza _eWydawca _4pbl |
|
| 830 | 0 | _aBiblioteczka Szlaków Nadziei | |
| 830 | 0 | _aSzlaki Nadziei - Odyseja Wolności | |
| 942 |
_2z _cBK _n0 |
||
| 999 |
_c91112 _d91112 |
||